000 01053nam a2200241 a 4500
005 20140414132104.0
008 100823s19uu xx 00 eng d
050 _aFIL 352.13
_bAk5 v.1
050 _aFIL 352.13
_bAk5 v.2
050 _aFIL 352.13
_bAk5 v.3
050 _aFIL 352.13
_bAk5 v.4
050 _aFIL 352.13
_bAk5 v.5
245 _aAklat adarna.
250 _a1st ed
260 _aQuezon City, Philippines :
_bAdarna House,
_c1987.
300 _a4 v. : col. ill. ; 23 cm.
520 _av. 1. Alamat ng lansones, si langgam at si tipaklong, si pagong at si matsing, ang hukuman ni sinukuan, ibong adarna -- v. 2. Kayo ba ang nanay ko?, bilog na itlog, tikatok at pikpakbum, ang pulang laso, kung dalawa kami -- v. 3. Si Makisig, si Tembong mandarambong, si hinlalaki, bayanihan, si Emang engkantada -- v. 4. Nang magkakulay ang nayon, digong dilaw, ang mabait na kalabaw, si dilat, si kindat, si kurap, si pikit, kain, kumain, kinain.
999 _c114564
_d114564